000 00621nam a2200241Ia 4500
003 OSt
005 20221005121709.0
006 a|||||r|||| 00| 0
007 ta
008 221004b |||||||| |||| 00| 0 eng d
024 _a47346
037 _cTextual
040 _aCRL
_cCRL
_beng
041 _2eng
_aeng
082 _aO111,3N08,1, 31J7
100 _aSaroyan William
_962076
245 0 _aHuman comedy
_b Tamil translation
260 _c1957
300 _a312
_ccm.
650 _aENGLISH FICTION
942 _hO111,3N08,1, 31J7
_cTEXL
_2cc
999 _c1041975
_d1041975